<?xml version="1.0" encoding="UTF-8"?>
<record
    xmlns:xsi="http://www.w3.org/2001/XMLSchema-instance"
    xsi:schemaLocation="http://www.loc.gov/MARC21/slim http://www.loc.gov/standards/marcxml/schema/MARC21slim.xsd"
    xmlns="http://www.loc.gov/MARC21/slim">

  <leader>01771nam a2200313   4500</leader>
  <controlfield tag="001">113489</controlfield>
  <controlfield tag="003">DR-UNIBE</controlfield>
  <controlfield tag="005">20260529114611.0</controlfield>
  <controlfield tag="008">250428b2024    dr ||||| |||| 00| 0 spa d</controlfield>
  <datafield tag="020" ind1=" " ind2=" ">
    <subfield code="a">9789945251036</subfield>
  </datafield>
  <datafield tag="040" ind1=" " ind2=" ">
    <subfield code="a">BIBLIOTECA UNIBE</subfield>
    <subfield code="c">BIBLIOTECA UNIBE</subfield>
    <subfield code="b">spa</subfield>
    <subfield code="e">rda</subfield>
  </datafield>
  <datafield tag="041" ind1=" " ind2=" ">
    <subfield code="a">spa</subfield>
  </datafield>
  <datafield tag="082" ind1=" " ind2=" ">
    <subfield code="2">22</subfield>
    <subfield code="a">R RD 972.93697 C343i </subfield>
  </datafield>
  <datafield tag="100" ind1="1" ind2="0">
    <subfield code="a">Cass&#xE1;, Constancio,</subfield>
    <subfield code="d">1953-</subfield>
    <subfield code="q">(Cass&#xE1; Bernaldo de Quir&#xF3;s, Constancio Jos&#xE9;)</subfield>
    <subfield code="c">autor</subfield>
    <subfield code="9">194585</subfield>
  </datafield>
  <datafield tag="245" ind1="1" ind2="0">
    <subfield code="a">Im&#xE1;genes constanceras : </subfield>
    <subfield code="b">1909-2000 /</subfield>
    <subfield code="c">Constancio Cass&#xE1; y Teruki Waki ; diagramaci&#xF3;n : Juan Francisco Dom&#xED;nguez Novas ; dise&#xF1;o de cubierta : Juan F. Dom&#xED;nguez Novas y &#xC9;ngely Fuma Santana</subfield>
  </datafield>
  <datafield tag="250" ind1=" " ind2=" ">
    <subfield code="a">Primera edici&#xF3;n</subfield>
  </datafield>
  <datafield tag="260" ind1=" " ind2=" ">
    <subfield code="a">Santo Domingo : </subfield>
    <subfield code="b">Archivo General de la Naci&#xF3;n (AGN), </subfield>
    <subfield code="c">2024</subfield>
  </datafield>
  <datafield tag="300" ind1=" " ind2=" ">
    <subfield code="a">340 p&#xE1;ginas : </subfield>
    <subfield code="b">fotos  b/n ;</subfield>
    <subfield code="c">21 x 30 cm</subfield>
  </datafield>
  <datafield tag="490" ind1=" " ind2=" ">
    <subfield code="a">Archivo General de la Naci&#xF3;n ; </subfield>
    <subfield code="v">487</subfield>
  </datafield>
  <datafield tag="500" ind1=" " ind2=" ">
    <subfield code="a">Comentario de la obra en las solapas.  Cubierta: fotograf&#xED;as del pueblo de Constanza en 1930, Departamento de Cultura del Ayuntamiento de Constanza, colaboraci&#xF3;n de El&#xED;sa Rodr&#xED;guez</subfield>
  </datafield>
  <datafield tag="505" ind1=" " ind2=" ">
    <subfield code="a">Breve historia de Constanza.
Introducci&#xF3;n |
Poblaci&#xF3;n del Valle, vida cotidiana y tradiciones |
Clima |
Recursos naturales |
Acontecimientos pol&#xED;ticos |
A modo de aclaraci&#xF3;n |
Fotograf&#xED;as |
Referencias</subfield>
  </datafield>
  <datafield tag="651" ind1=" " ind2="7">
    <subfield code="2">lemb </subfield>
    <subfield code="a"> Constanza (municipio) </subfield>
    <subfield code="x"> Historia</subfield>
    <subfield code="z">Rep&#xFA;blica Dominicana</subfield>
    <subfield code="9">194586</subfield>
  </datafield>
  <datafield tag="700" ind1="1" ind2="0">
    <subfield code="a">Waki, Teruki </subfield>
    <subfield code="9">194582</subfield>
    <subfield code="e">autor</subfield>
  </datafield>
  <datafield tag="700" ind1="1" ind2="0">
    <subfield code="a">Dom&#xED;nguez Novas, Juan Francisco </subfield>
    <subfield code="9">127336</subfield>
    <subfield code="e">diagramador</subfield>
    <subfield code="e">dise&#xF1;ador de cubierta</subfield>
  </datafield>
  <datafield tag="700" ind1="1" ind2="0">
    <subfield code="a">Fuma Santana, Engely</subfield>
    <subfield code="9">147940</subfield>
    <subfield code="e">dise&#xF1;ador de cubierta</subfield>
  </datafield>
  <datafield tag="700" ind1="1" ind2="0">
    <subfield code="a">Rodr&#xED;guez, Elisa</subfield>
    <subfield code="9">194583</subfield>
    <subfield code="e">colaborador</subfield>
  </datafield>
  <datafield tag="710" ind1="1" ind2="0">
    <subfield code="a">Ayuntamiento de Constanza. </subfield>
    <subfield code="b">Departamento de Cultura</subfield>
    <subfield code="9">194584</subfield>
    <subfield code="e">fotograf&#xED;as</subfield>
  </datafield>
  <datafield tag="942" ind1=" " ind2=" ">
    <subfield code="2">ddc</subfield>
    <subfield code="c">BK</subfield>
  </datafield>
  <datafield tag="999" ind1=" " ind2=" ">
    <subfield code="c">113489</subfield>
    <subfield code="d">113489</subfield>
  </datafield>
  <datafield tag="952" ind1=" " ind2=" ">
    <subfield code="0">0</subfield>
    <subfield code="1">0</subfield>
    <subfield code="2">ddc</subfield>
    <subfield code="7">0</subfield>
    <subfield code="8">GEN-RD</subfield>
    <subfield code="a">Principal</subfield>
    <subfield code="d">2025-04-28</subfield>
    <subfield code="l">0</subfield>
    <subfield code="o">R RD 972.93697 C343i </subfield>
    <subfield code="p">250468</subfield>
    <subfield code="r">2025-04-28 09:08:25</subfield>
    <subfield code="t">Ej. 1</subfield>
    <subfield code="w">2025-04-28</subfield>
    <subfield code="y">BK</subfield>
  </datafield>
  <datafield tag="952" ind1=" " ind2=" ">
    <subfield code="0">0</subfield>
    <subfield code="1">0</subfield>
    <subfield code="2">ddc</subfield>
    <subfield code="7">0</subfield>
    <subfield code="8">GEN-RD</subfield>
    <subfield code="a">Principal</subfield>
    <subfield code="d">2025-04-28</subfield>
    <subfield code="l">0</subfield>
    <subfield code="o">R RD 972.93697 C343i </subfield>
    <subfield code="p">250469</subfield>
    <subfield code="r">2025-04-28 09:08:25</subfield>
    <subfield code="t">Ej. 2</subfield>
    <subfield code="w">2025-04-28</subfield>
    <subfield code="y">BK</subfield>
  </datafield>
</record>
